• 首页
  • 本馆介绍
  • 公告通知
  • 最新文献
  • 馆藏检索
  • 电子资源
  • 读者导购
  • 参考咨询
  • 我的图书馆
  • 登录
  • 详细信息显示
  • 放入我的书架
  • 预约/预借图书
  • 作者相关作品
  • 分类相关作品
  • 丛书相关作品
  • 出版社相关作品

书目信息

  • 表格格式
  • 工作单格式
  • 卡片格式
题名:
简明集成运算放大器应用手册
    
 
作者: 赵保经 , 崔忠勤 编
分册:  
出版信息: 北京   科学出版社  1989.5
页数: 663页
开本: 26厘米
丛书名:
单 册:
中图分类: TN722.7
科图分类:
主题词: 运算放大器-集成电路--手册 , 集成电路-运算放大器--手册
电子资源:
ISBN: 7-03-000611-9
000 00863nam0 2200253 45
001 0189004524
005 20061123162859.87
010    @a7-03-000611-9@b精装@dCNY24.50
020    @aCN@b89004524
100    @a19900816d1989 m y0chiy0120 ea
101 0  @achi
102    @aCN@b110000
105    @ak g 000yy
200 10 @a简明集成运算放大器应用手册@Ajian ming ji cheng yun suan fang da qi ying yong shou ce@f赵保经,崔忠勤编@Fzhao bao jing , cui zhong qin bian
210    @a北京@c科学出版社@d1989.5
215    @a663页@d26厘米
540 1  @a集成 运算 放大器 应用@Aji cheng yun suan fang da qi ying yong
606    @a运算放大器-集成电路@x手册
606    @a集成电路-运算放大器@x手册
690    @aTN722.7@v1980
701  0 @a赵保经@Azhao bao jing@4编
701  0 @a崔忠勤@Acui zhong qin@4编
801  0 @aCN@bTSSF@c20061123
905    @a10447@dTN722.7@e122
    
    简明集成运算放大器应用手册/赵保经,崔忠勤编.-北京:科学出版社,1989.5
    663页;26厘米
    
    
    ISBN 7-03-000611-9(精装):CNY24.50
    
●
相关链接 在E读中查询图书 在五车中查询图书 在当当中查询图书 在豆瓣中查询图书


正题名:简明集成运算放大器应用手册     索取号:TN722.7/122         预约/预借

序号 登录号 条形码 馆藏地/架位号 状态 备注
1 0227260   202102722   第二样本阅览室/ [索取号:TN722.7/122] 在馆    
唐山师范学院图书馆 欢迎您!
大连网信软件有限公司© 版权所有